000 00407nam a2200169 a 4500
001 0000-9029
003 ELIB.Books
008 110520 1978
035 _a(ELIB.Books)0000-9178
082 _a301.42
_bFlo
100 _aFlorio, Anthony
245 _aTwo to get ready
260 _bWheaton: Victor Books
_c1978
650 _aSocial
942 _2ddc
_cBK
998 _cbat
_e2011-05-20
999 _c9029
_d9029